000 00531nam a22001817a 4500
005 20231127090148.0
008 231127b |||||||| |||| 00| 0 eng d
020 _a0273023438
041 _aEnglish
082 _a340.09 KEE
100 _aKeenan, D
_lEnglish
245 _aSmith and Keenan's English Law /
_cD Keenan
250 _aEighth Edition
260 _aLondon :
_bPitman Publishing,
_c1986
300 _bxxxvi, 860 pages ;
_c24 cm.
650 _aLegal practice
_bLaw
942 _cBK
_6ALISON_BN_VRIES
999 _c969
_d969